Periodic Table Elements Starting With S - Statistics

General Stats
  • This quiz has been taken 35 times
  • The average score is 13 of 18
Answer Stats
Answer % Correct
S
100%
Se
96%
Si
93%
Sc
89%
Sr
86%
Sm
82%
Selenium
79%
Sg
75%
Scandium
71%
Silicon
71%
Strontium
71%
Sulphur
68%
Sodium
64%
Samarium
61%
Seaborgium
61%
Na
57%
Silver
57%
Ag
54%
No matching quizzes found
Score Distribution
Percent of People with Each Score
Percentile by Number Answered
Your Score History
You have not taken this quiz